000 00606nam a2200181 i 4500
001 46414
003 ES-MaACL
005 20260210163243.0
007 t|
008 030328s1959 sp ||||1| spa d
245 0 0 _aConferencias 1958-59.
260 _aMadrid :
_b[s.n.,
_c1959] (
_fImp. Suc. Rivadeneyra)
300 _a180 p. ;
_c24 cm.
500 _aPrecede al tít.: Ministerio de Agricultura. Instituto Nacional de Investigaciones Agronómicas.
710 _aInstituto Nacional de Investigaciones Agronómicas
_c(España)
_9219222
852 _aES-MaACL
_jC-17689
_bR.45527
999 _c46414
_d46414